Normal view MARC view
  • Saini, A.K:Kumar, Pradeep

Entry Personal Name

Number of records used in: 1

001 - CONTROL NUMBER

  • control field: 67733

003 - CONTROL NUMBER IDENTIFIER

  • control field: NUST

005 - DATE AND TIME OF LATEST TRANSACTION

  • control field: 20210628203905.0

008 - FIXED-LENGTH DATA ELEMENTS

  • fixed length control field: 210628|| aca||aabn | a|a d

040 ## - CATALOGING SOURCE

  • Original cataloging agency: NUST
  • Transcribing agency: NUST

100 ## - HEADING--PERSONAL NAME

  • Personal name: Saini, A.K:Kumar, Pradeep

670 ## - SOURCE DATA FOUND

  • Source citation: Work cat.: (NUST): Saini, A.K:Kumar, Pradeep, Computer applications in management, 2003
© 2023 Central Library, National University of Sciences and Technology. All Rights Reserved.